Gebaute Armut : San Salvatore e San Francesco al Monte in Florenz (1418 - 1504)

Saved in:
Bibliographic Details
Main Author: Markschies, Alexander (Author)
Document Type: Thesis Book
Language:German
Published: München ; Berlin : Dt. Kunstverl. , 2001
Series:Aachener Bibliothek 2
Subjects:
Online Access:Rezension
Rezension
Rezension
Related Items:Rezensiert in: [Rezension von: Alexander Markschies, Gebaute Armut]
Author Notes:Alexander Markschies
LEADER 03888cam a2200853 c 4500
001 326157646
003 DE-627
005 20260223170333.0
007 tu
008 010307s2001 gw ||||| m 00| ||ger c
015 |a 01,N12,0577  |2 dnb 
015 |a 01,A24,1386  |2 dnb 
016 7 |a 96093880X  |2 DE-101 
020 |a 3422063269  |q kart.: EUR 34.77, ca. sfr 61.00, ca. S 496.00  |9 3-422-06326-9 
035 |a (DE-627)326157646 
035 |a (DE-603)096270691 
035 |a (DE-576)090453662 
035 |a (DE-599)GBV326157646 
035 |a (OCoLC)231868338 
035 |a (OCoLC)1073865502 
035 |a (OCoLC)48450824 
040 |a DE-627  |b ger  |c DE-627  |e rakwb 
041 |a ger 
044 |c XA-DE  |c XA-IT 
050 0 |a NA5621.F84 
084 |a 45  |2 sdnb 
084 |a 9,10  |2 ssgn 
084 |a LN 37112  |2 rvk  |0 (DE-625)rvk/102012:13313 
084 |a 56.88  |2 bkl 
084 |a 21.70  |2 bkl 
100 1 |a Markschies, Alexander  |d 1969-  |0 (DE-588)121573699  |0 (DE-627)08139618X  |0 (DE-576)182245683  |4 aut 
245 1 0 |a Gebaute Armut  |b San Salvatore e San Francesco al Monte in Florenz (1418 - 1504)  |c Alexander Markschies 
263 |a kart. : ca. DM 68.00, ca. sfr 61.00, ca. S 496.00 
264 1 |a München  |a Berlin  |b Dt. Kunstverl.  |c 2001 
300 |a 267 S  |b Ill., graph. Darst  |c 24 cm 
336 |a Text  |b txt  |2 rdacontent 
337 |a ohne Hilfsmittel zu benutzen  |b n  |2 rdamedia 
338 |a Band  |b nc  |2 rdacarrier 
490 1 |a Aachener Bibliothek  |v 2 
502 |a Zugl.: Bonn, Univ., Diss., 1998, geringfügig überarb. 
505 8 |a Literaturverz. S. 233 - 262 
583 1 |a Archivierung/Langzeitarchivierung gewährleistet  |f SSG  |x XA-DE-BW  |2 pdager  |5 DE-16 
583 1 |a Archivierung prüfen  |c 20240324  |f DE-4165  |z 3  |2 pdager 
610 2 4 |a San Salvatore al Monte (Monastery : Florence, Italy) 
648 7 |a Geschichte 1418-1504  |2 gnd 
650 4 |a Church architecture  |x Italy  |x Florence 
650 4 |a Franciscan monasteries  |x Italy  |x Florence 
651 4 |a Florence (Italy)  |x Buildings, structures, etc 
655 7 |a Hochschulschrift  |0 (DE-588)4113937-9  |0 (DE-627)105825778  |0 (DE-576)209480580  |2 gnd-content 
689 0 0 |d g  |0 (DE-588)4634816-5  |0 (DE-627)328857602  |0 (DE-576)214491080  |a San Salvatore al Monte  |g Florenz  |2 gnd 
689 0 1 |a z  |2 gnd  |a Geschichte 1418-1504 
689 0 |5 DE-101 
689 1 0 |d g  |0 (DE-588)4634816-5  |0 (DE-627)328857602  |0 (DE-576)214491080  |a San Salvatore al Monte  |g Florenz  |2 gnd 
689 1 1 |a z  |2 gnd  |a Geschichte 1418-1504 
689 1 |5 (DE-627) 
751 |a Bonn  |0 (DE-588)4007666-0  |0 (DE-627)106372270  |0 (DE-576)208871632  |4 uvp 
787 0 8 |i Rezensiert in  |a Lingohr, Michael, 1962 -   |t [Rezension von: Alexander Markschies, Gebaute Armut]  |d 2002  |w (DE-627)192111939X 
830 0 |a Aachener Bibliothek  |v 2  |9 2  |w (DE-627)36513533X  |w (DE-576)089722647  |w (DE-600)2111339-7  |x 1612-7005  |7 am 
856 4 2 |u https://swbplus.bsz-bw.de/bsz090453662rez.htm  |m V:DE-576  |v 2005-08-08  |3 Rezension  |7 1 
856 4 2 |u http://www.sehepunkte.de/2002/05/3432.html  |m V:DE-576;X:Sehepunkte  |q text/html  |v 20180423160609  |3 Rezension  |7 1 
856 4 2 |u http://scans.hebis.de/HEBCGI/show.pl?09627069_rez.pdf  |m V:DE-576  |q application/pdf  |3 Rezension  |7 1 
935 |i Blocktest 
936 r v |a LN 37112  |b Kirchen, Kathedralen  |k Kunstgeschichte  |k Kunst nach Ländern bzw. Kontinenten  |k Italien  |k Kunsttopografie Italiens  |k Alphabetische Liste der italienischen Orte  |k Orte F  |k Florenz  |k Kirchen, Kathedralen  |0 (DE-627)1270990365  |0 (DE-625)rvk/102012:13313  |0 (DE-576)200990365 
936 b k |a 56.88  |j Sakralbau  |x Architektur  |0 (DE-627)106421204 
936 b k |a 21.70  |j Geschichte der Sakralbaukunst  |0 (DE-627)106421255 
936 s n |a l300  |2 mzub 
936 s n |a z210  |2 mzub 
951 |a BO 
990 |a San Salvatore al Monte 
990 |a Geschichte 1418-1504 
990 |a San Salvatore al Monte 
990 |a Geschichte 1418-1504 
991 |a Rezensiertes Werk 
999 |a KXP-PPN326157646  |e 4948586188